| 000 | 00994cam a2200313 a 4500 | ||
|---|---|---|---|
| 001 | 17268807 | ||
| 005 | 20141203112404.0 | ||
| 008 | 120424t2012 xxua frbd 001 0 eng d | ||
| 010 | _a2012010934 | ||
| 020 | _a9781593702601 | ||
| 040 |
_aDLC _cDLC _dEG-ScBUE |
||
| 082 | 0 | 0 |
_a665.4 _222 _bBAN |
| 100 | 1 |
_aBanerjee, Dwijen K. _936771 |
|
| 245 | 1 | 0 |
_aOil sands, heavy oil & bitumen : _bfrom recovery to refinery / _cDwijen K. Banerjee. |
| 246 | 3 | _aOil sands, heavey oil, and bitumen | |
| 260 |
_aTulsa, United States : _bPennWell Corp., _cc.2012. |
||
| 300 |
_axvii, 185 p. : _bill. ; _c24 cm |
||
| 500 | _aGlossary : p. 165-168. | ||
| 500 | _aIndex : p. 173-185. | ||
| 500 | _aIncludes appendixes. | ||
| 504 | _aBibliography : p. 169-170. | ||
| 650 | 0 |
_aOil sands _936772 |
|
| 650 | 0 |
_aHeavy oil _924669 |
|
| 650 | 0 |
_aBitumen _936773 |
|
| 650 | 0 |
_aEnhanced oil recovery _928476 |
|
| 653 |
_bENGGEN _bENGPET _cDecember2014 |
||
| 655 |
_vreading book _934232 |
||
| 942 |
_2ddc _k665.4 BAN |
||
| 999 |
_c18709 _d18681 |
||